000 01414nam a22001697a 4500
999 _c23155
_d23155
020 _a9780415372190
082 _a340.1
_bEDW-
100 _aFeasel, Edward M
245 _aExports, Trade Policy and Economic Growth in Eras of Globalization
260 _aLondon
_bRoutledge
_c2018
300 _axiv, 227p
440 _aRoutledge studies in the modern world economy
504 _aIncludes bibliography and index
520 _aThis book provides an excellent resource for understanding the forces in international trade liberalization over two centuries that have brought us to this point, where the successes, setbacks and the countervailing forces now vie for the public's mind and support: the outcome of which will determine the future progress of increased globalization or lack thereof. The book also examines whether trade policy has indeed promoted exports in the vast number of countries which increasingly look to trade agreements to gain a competitive edge, and to what extent export-driven growth has been an important force in advancing economic development around the world. In doing so, the book examines one of the most controversial issues in economic development: the promotion and significance of export-led growth.
650 _aLaw--Economic aspects
_vCommercial policy
_vDevelopment economics
_vGlobalization--Economic aspects
_vDevelopment economics
_vEconomic history
_zAsia
942 _cBK
_2ddc